Tres cuentos sobre el dinero / (Registro nro. 7765)

Detalles MARC
000 -LEADER
fixed length control field 01283nam a2200337 a 4500
001 - CONTROL NUMBER
control field 000028496
003 - CONTROL NUMBER IDENTIFIER
control field DO-SdBNP
005 - DATE AND TIME OF LATEST TRANSACTION
control field 20161017104724.0
007 - PHYSICAL DESCRIPTION FIXED FIELD--GENERAL INFORMATION
fixed length control field 000028496
008 - FIXED-LENGTH DATA ELEMENTS--GENERAL INFORMATION
fixed length control field 110408t2003 dr 001 j spa d
040 ## - CATALOGING SOURCE
Original cataloging agency BPMET
Language of cataloging spa
Transcribing agency BPMET
092 ## - LOCALLY ASSIGNED DEWEY CALL NUMBER (OCLC)
Classification number RD863.4408
Item number T396c
245 00 - TITLE STATEMENT
Title Tres cuentos sobre el dinero /
Statement of responsibility, etc. Manuel del Cabral, Juan Bosch, Ramón Francisco ; editor Tomás Castro Burdiez.
260 ## - PUBLICATION, DISTRIBUTION, ETC. (IMPRINT)
Place of publication, distribution, etc. Santo Domingo :
Name of publisher, distributor, etc. Fundación para la Educación y las Artes,
Date of publication, distribution, etc. 2003.
300 ## - PHYSICAL DESCRIPTION
Extent 24 p. ;
Dimensions 21 cm.
490 1# - SERIES STATEMENT
Series statement Cuadernos educativos y culturales
Volume/sequential designation 13
650 #4 - SUBJECT ADDED ENTRY--TOPICAL TERM
Topical term or geographic name as entry element CUENTOS DOMINICANOS
General subdivision COLECCIONES
650 #4 - SUBJECT ADDED ENTRY--TOPICAL TERM
Topical term or geographic name as entry element LITERATURA DOMINICANA
700 1# - ADDED ENTRY--PERSONAL NAME
Personal name Bosch, Juan,
Dates associated with a name 1909-2001
Title of a work Dos pesos de agua
700 1# - ADDED ENTRY--PERSONAL NAME
Personal name Francisco, Ramón,
Dates associated with a name 1929-
Title of a work La moneda gastada
700 1# - ADDED ENTRY--PERSONAL NAME
Personal name Cabral, Manuel del,
Dates associated with a name 1907-1999
Title of a work El centavo
700 1# - ADDED ENTRY--PERSONAL NAME
Personal name Castro Burdiez, Tomás,
Dates associated with a name 1959-,
Relator term ed.
830 #0 - SERIES ADDED ENTRY--UNIFORM TITLE
Uniform title Cuadernos educativos y culturales
Volume number/sequential designation 13
910 ## - USER-OPTION DATA (OCLC)
User-option data Validado. Control de calidad EMS.
930 #1 - EQUIVALENCE OR CROSS-REFERENCE-UNIFORM TITLE HEADING [LOCAL, CANADA]
Language of a work BND01
Medium of performance for music LF1
Medium RD863.4408
Field link and sequence number 20110408
Date of a work 04
Name of part/section of a work HD
Miscellaneous information 21054
942 ## - ADDED ENTRY ELEMENTS (KOHA)
Source of classification or shelving scheme Dewey Decimal Classification
Koha item type Libros
956 ## - LOCAL ELECTRONIC LOCATION AND ACCESS (OCLC)
Host name YLOCKWARD
Access number 10
Compression information 20110408
Logon BND01
Processor of request 1427
956 ## - LOCAL ELECTRONIC LOCATION AND ACCESS (OCLC)
Host name LOPEREZ
Access number 10
Compression information 20110412
Logon BND01
Processor of request 1134
956 ## - LOCAL ELECTRONIC LOCATION AND ACCESS (OCLC)
Host name EMARRERO
Access number 40
Compression information 20110621
Logon BND01
Processor of request 1553
956 ## - LOCAL ELECTRONIC LOCATION AND ACCESS (OCLC)
Host name MMOLINA
Access number 40
Compression information 20140716
Logon BND01
Processor of request 1026
Existencias
Withdrawn status Lost status Source of classification or shelving scheme Damaged status Not for loan Collection code Home library Current library Shelving location Date acquired Source of acquisition Total Checkouts Barcode Date last seen Price effective from Koha item type
    Dewey Decimal Classification     Colección Dominicana Biblioteca Pública Metropolitana Salomé Ureña Biblioteca Pública Metropolitana Salomé Ureña Carro de libros 04/30/2015 Sin sellar   BPMSU15041501 04/30/2015 04/30/2015 Libros